University Home | Library Home | Institutional Repository

Africa, seen through its explorers/ (Record no. 216569)

MARC details
000 -LEADER
fixed length control field 00626nam a22001817a 4500
005 - DATE AND TIME OF LATEST TRANSACTION
control field 20260409131957.0
008 - FIXED-LENGTH DATA ELEMENTS--GENERAL INFORMATION
fixed length control field 260409b |||||||| |||| 00| 0 eng d
040 ## - CATALOGING SOURCE
Original cataloging agency LC
Transcribing agency UNZA
Modifying agency UNZA
Description conventions RDA
050 ## - LIBRARY OF CONGRESS CALL NUMBER
Classification number ZAMB EDE DT3. E33
100 ## - MAIN ENTRY--PERSONAL NAME
Personal name Eden, Charles H.
245 ## - TITLE STATEMENT
Title Africa, seen through its explorers/
Statement of responsibility, etc. Charles H. Eden.
260 ## - PUBLICATION, DISTRIBUTION, ETC.
Place of publication, distribution, etc. London:
Name of publisher, distributor, etc. London: society for promoting Christian knowledge,
300 ## - PHYSICAL DESCRIPTION
Extent xiv, 322 pages:
Other physical details illustrations.
504 ## - BIBLIOGRAPHY, ETC. NOTE
Bibliography, etc. note Includes Index.
650 ## - SUBJECT ADDED ENTRY--TOPICAL TERM
Topical term or geographic name entry element explorers
General subdivision Descriptions and travel
Geographic subdivision Africa
710 ## - ADDED ENTRY--CORPORATE NAME
Corporate name or jurisdiction name as entry element society for promoting Christian knowledge.
Relator term Publisher.
942 ## - ADDED ENTRY ELEMENTS (KOHA)
Koha item type Zambian collection
999 ## -
-- 216569
-- 216569
Holdings
Withdrawn status Lost status Source of classification or shelving scheme Damaged status Not for loan Home library Current library Shelving location Date acquired Total Checkouts Full call number Barcode Date last seen Copy number Price effective from Koha item type
    Library of Congress Classification     Main Library Main Library Special collections 04/09/2026   ZAMB EDE DT3. E33 33729000119128 04/09/2026 C.1 04/09/2026 Zambian collection
© 2026 - The University of Zambia Library - Koha v25.11